Aphmau Ships - Statistics

General Stats
  • This quiz has been taken 68 times
  • The average score is 6 of 9
Answer Stats
Hint Answer % Correct
Aphmau + Aaron Aarmau
100%
Aphmau + Garroth Garmau
98%
Aphmau + Laurence Laurmau
91%
Aphmau + Zane Zanemau
70%
Aphmau + Gene Genemau
67%
Dante + Nicole Dancole
46%
Cadenza + Garroth Gardenza
46%
Gene + Ivy Givy
37%
Laurence + Lucinda Larcinda
11%
No matching quizzes found
Score Distribution
Percent of People with Each Score
Percentile by Number Answered
Your Score History
You have not taken this quiz